logo

Bir Sreshtho Munshi Abdur Rouf Library
Jhenaidah Cadet College

Apostasy in Islam : (Record no. 12788)

MARC details
000 -LEADER
fixed length control field 01647nam a2200385 a 4500
001 - CONTROL NUMBER
control field 12788
003 - CONTROL NUMBER IDENTIFIER
control field BD-JhCC
005 - DATE AND TIME OF LATEST TRANSACTION
control field 20230512204002.0
008 - FIXED-LENGTH DATA ELEMENTS--GENERAL INFORMATION
fixed length control field 120918s2012 enk b 000 0 eng d
020 ## - INTERNATIONAL STANDARD BOOK NUMBER
International Standard Book Number 9781565643635 (pbk.)
020 ## - INTERNATIONAL STANDARD BOOK NUMBER
International Standard Book Number 1565643631 (pbk.)
020 ## - INTERNATIONAL STANDARD BOOK NUMBER
International Standard Book Number 9781565643642 (hardback)
020 ## - INTERNATIONAL STANDARD BOOK NUMBER
International Standard Book Number 156564364X (hardback)
035 ## - SYSTEM CONTROL NUMBER
System control number (BD-JhCC)12788
040 ## - CATALOGING SOURCE
Original cataloging agency NLE
Description conventions rda
Transcribing agency NLE
Modifying agency OCLCO
-- GHS
-- OCLCO
-- UkOxU
-- BD-JhCC
050 #4 - LIBRARY OF CONGRESS CALL NUMBER
Classification number BP168
Item number .A492 2011
082 ## - DEWEY DECIMAL CLASSIFICATION NUMBER
Classification number 297.22
Item number ALA 2012
100 1# - MAIN ENTRY--PERSONAL NAME
Personal name ʿAlwānī, Ṭāhā Jābir Fayyāḍ,
Relator term author.
245 10 - TITLE STATEMENT
Title Apostasy in Islam :
Remainder of title a historical and scriptural analysis /
Statement of responsibility, etc. Taha Jabir Alalwani ; based on the original Arabic translated by Nancy Roberts.
264 #1 - PRODUCTION, PUBLICATION, DISTRIBUTION, MANUFACTURE, AND COPYRIGHT NOTICE
Place of production, publication, distribution, manufacture London :
Name of producer, publisher, distributor, manufacturer International Institute of Islamic Thought,
Date of production, publication, distribution, manufacture, or copyright notice [2012?].
300 ## - PHYSICAL DESCRIPTION
Extent ix, 157 pages ;
Dimensions 23 cm
336 ## - CONTENT TYPE
Content type term text
Source rdacontent
337 ## - MEDIA TYPE
Media type term unmediated
Source rdamedia
338 ## - CARRIER TYPE
Carrier type term volume
Source rdacarrier
500 ## - GENERAL NOTE
General note The original manuscript was abridged by Dr. Iqbal Unus. cf. Foreword.
504 ## - BIBLIOGRAPHY, ETC. NOTE
Bibliography, etc. note Includes bibliographical references (pages [133]-154).
505 0# - FORMATTED CONTENTS NOTE
Formatted contents note Is apostasy a capital crime? -- The Qurʼanic description of apostasy -- Apostasy during the Prophet's life -- Response to apostasy in the verbal sunnah -- Muslim jurists' views on the penalty for apostasy -- Muslim scholars who have been accused of apostasy.
650 #0 - SUBJECT ADDED ENTRY--TOPICAL TERM
Topical term or geographic name entry element Apostasy
General subdivision Islam.
650 #0 - SUBJECT ADDED ENTRY--TOPICAL TERM
Topical term or geographic name entry element Apostasy (Islamic law)
700 1# - ADDED ENTRY--PERSONAL NAME
Personal name Roberts, Nancy N.,
Relator term editor.
710 2# - ADDED ENTRY--CORPORATE NAME
Corporate name or jurisdiction name as entry element International Institute of Islamic Thought.
942 ## - ADDED ENTRY ELEMENTS (KOHA)
Source of classification or shelving scheme Dewey Decimal Classification
Koha item type Books
Holdings
Withdrawn status Lost status Source of classification or shelving scheme Damaged status Not for loan Home library Current library Shelving location Date acquired Total Checkouts Full call number Barcode Date last seen Date last checked out Copy number Price effective from Koha item type
    Dewey Decimal Classification     JCC Rouf Library JCC Rouf Library General Stacks 05/12/2023 1 297.22 ALA 2012 17554 11/27/2024 11/25/2024 C-1 05/12/2023 Books

JCC Library | Contacts | JCC Home

Last Update on 23 September 2017
Copyright @ 2017-2020 JCC Rouf Library
Rouf Library, Jhenidah Cadet College (JCC), Bangladesh